000 00609nam a2200205Ia 4500
001 12505
003 GE_BSU
008 181216s||||||||xx |||||||||||||| ||und||
040 _cGE_BSU
080 _a575.24:631.521
245 _aХимический мутагенез и селекция
245 _cРед.колл.И.А.Рапопорт(отв.ред.С.А.Дурыманова)
260 _aМосква
260 _bНаука
260 _c1971
300 _a426стр.22см.
300 _eТаблицы
653 _aХимический мутагенез и селекция
942 _cBK
999 _c45679
_d45679